header

Riding the waves (Record no. 226913)

MARC details
000 -LEADER
fixed length control field 01739nam a2200361 a 4500
082 04 - DEWEY DECIMAL CLASSIFICATION NUMBER
Classification number 620.2092
-- B
100 1# - MAIN ENTRY--AUTHOR NAME
Personal name Beranek, Leo Leroy,
245 10 - TITLE STATEMENT
Title Riding the waves
260 ## - PUBLICATION, DISTRIBUTION, ETC. (IMPRINT)
Place of publication Cambridge, Mass. :
Name of publisher MIT Press,
Year of publication c2008.
300 ## - PHYSICAL DESCRIPTION
Number of Pages x, 235 p. :
Other physical details ill.
505 0# - FORMATTED CONTENTS NOTE
Formatted contents note Iowa and beyond: from bumble bees to ivy -- Harvard : shaping the future -- Wartime : communications and kamikazes -- MIT, teaching, writing, AT&T, and traveling -- Bolt Beranek & Newman, the United Nations, big noise, and the Internet -- Muffling the jet age -- Music, acoustics, and architecture -- America's best TV station -- Family, nonprofits, and variety -- Art + physics = beautiful music.
650 #0 - SUBJECT ADDED ENTRY--TOPICAL TERM
Topical Term Acoustical engineering
Topical Term Music-halls.
856 40 - ELECTRONIC LOCATION AND ACCESS
Uniform Resource Identifier http://site.ebrary.com/lib/rucke/Doc?id=10209885

No items available.

© 2026 Rongo University
Contact us: librarian | system librarian | Rongo university